Datum a čas kvízu
37
Celkem bodů
Celkový počet nahraných bodů na tomto kvízu bez doplňovacích otázek.
2.
Pořadí na kvízu
Konečné umístění týmu na tomto kvízu.
Zaznamenané odpovědi
| # | Otázka | Odpověď | Body | Výsledky |
|---|---|---|---|---|
| 1. | Bývalý politik, který v součas... | 1 | ||
| 2. | Na jednu z částí souostroví Ga... | 0 | ||
| 3. | Akce, kdy agenti Státní bezpeč... | 0 | ||
| 4. | V průzkumu britského magazínu... | 1 | ||
| 5. | Konec neporazitelnosti v hokej... | 1 | ||
| 6. | Mezinárodní vesmírná stanice (... | 0.5 | ||
| 7. | V předchozí otázce bylo řečeno... | 1 | ||
| 8. | Standardní denní program posád... | 1 | ||
| 9. | Jak se jmenuje ruská kosmická... | 1 | ||
| 10. | První espresso kávovar, určený... | 1 |